000 00689cab a2200241 4500
001 ABS50510
008 090401t1994 xxu||||| |||| 00| 0 eng d
035 _a(Sirsi) u76260
041 _aeng
100 _aCollar, N.
245 _aIntroduction of the plan led system
260 _c1994
350 _a0
490 _aProperty Law
_v(8) April 1994, 8-10(3)
520 _aDescribes the plan led system, brought into force in Scotland on 7 March 1994.
650 _aDEVELOPMENT PLANS
650 _aNPPG1
650 _aPLAN-LED SYSTEM
650 _aTOWN AND COUNTRY PLANNING (SCOTLAND) ACT 1972 S18A
690 _aPLANNING LAW AND PRACTICE
942 _n0
948 _c04/03/1997
999 _c47988
_d47988